Bude šamanom? Martin Dejdar oslávi budúci rok 40. narodeniny ...

Bibliographic Details
Main Authors: Kováčová, Nikoleta (Author, Interviewer), Dejdar, Martin, 1965- (Author)
Format: Article
Language:Slovak
Subjects:

MARC

LEADER 00000nab a2200000 a 4500
001 vtls000934232
003 SK-MaSNL
005 20260303034801.0
008 160321c2004 xo wr|p|||||||000 b|slo
015 |a SNBRx2004/11  |2 snkbucl 
038 |a SNKBUCL 
040 |a SNKBUCL  |b slo  |c SNKBUCL  |e AACR2 
041 0 |a slo 
044 |a xo  |c SK 
080 |a 792.071.2  |2 UDC-MRF-SK2 
080 |a 929 Dejdar, Martin  |2 UDC-MRF-SK2 
100 1 |a Kováčová, Nikoleta  |4 ivr  |4 aut  |9 371183 
245 1 0 |a Bude šamanom?  |b Martin Dejdar oslávi budúci rok 40. narodeniny ...  |c [zhovárala sa] Nikoleta Kováčová 
300 |b Fotogr. 
600 1 7 |a Dejdar, Martin  |d 1965-  |2 snkbucl 
700 1 |a Dejdar, Martin,  |d 1965-  |4 ive  |4 aut 
773 0 |t Markíza  |g Roč. VII, č. 37 (2004), s. 22-24  |x 1210-2040 
852 |a SNK  |b KIS3GCP 
958 |a BC 
999 |c 1674792  |d 1676722